000 00724nam a2200217Ii 4500
003 JO-AjNU
008 230605s9999||||xx |||||||||||||| ||und||
017 _a2000/7/2214
040 _aJO-AjNU
_bara
_erda
_cJO-AjNU
041 _aara
050 1 4 _aHF5415..M5322.2004
100 3 _aعلي،محمد امين السيد,
_eauthor
_928091
245 0 0 _aاسس التسويق
250 _aط1
264 3 1 _aعمان:مؤسسة الوراق للنشر والتوزيع؛2004
300 _a351ص
_bيحتوي على ببلوغرافية من ص345-351ص
336 _atext
_btxt
_2rdacontent
337 _aunmediated
_bn
_2rdamedia
338 _avolume
_bnc
_2rdacarrier
650 4 _aالتجارة والتسويق
_928092
999 _aA10852
_c14420
_d14420